000 00481nam a22001937a 4500
003 CEME
005 20210628202821.0
008 210204b xxu||||| |||| 00| 0 eng d
020 _a0-07-844785-2
040 _c.
082 _a536.2 HOL'H
100 _aHolman J.P
_945237
245 _aHeat transfer, local edition
250 _a8th
260 _aNEW YORK
_bMCGRAW HILL
_c1997
300 _aXVIII,696P
650 _aHEAT TRANSMISSION.HEAT TRANSFER
_961774
942 _cBK
_2ddc
999 _c571110
_d571110